LEADER 00846nam0-22003011i-450- 001 990005620080403321 005 20080506124015.0 035 $a000562008 035 $aFED01000562008 035 $a(Aleph)000562008FED01 035 $a000562008 100 $a19990604d1956----km-y0itay50------ba 101 0 $aita 105 $af-------00--- 200 1 $aBronzi Romanici$eporte di chiese nell'Europa medioevale$fHermann Leisinger 210 $aMilano$c"Silvana" Editoriale d'Arte$d[1956] 215 $a12 p., 160 tav.$d34 cm 610 0 $aBronzi 610 0 $aSec. 10.-12. 676 $a739.5 700 1$aLeisinger,$bHermann$0216853 801 0$aIT$bUNINA$gRICA$2UNIMARC 901 $aBK 912 $a990005620080403321 952 $a739.5 LEI 1$bST.ARTE 4252$fFLFBC 959 $aFLFBC 996 $aBronzi romanici$9269191 997 $aUNINA LEADER 01497nam a2200385 i 4500 001 991001052809707536 005 20020507182340.0 008 940519s1984 ||| ||| | eng 020 $a3540128999 035 $ab10794384-39ule_inst 035 $aLE01306298$9ExL 040 $aDip.to Matematica$beng 082 0 $a530.136 084 $aAMS 76P0 084 $aAMS 82A40 (1985) 084 $aAMS 82A45 (1985) 084 $aAMS 82A70 (1985) 084 $aQC175.2A1 100 1 $aCercignani, Carlo$017698 245 10$aKinetic theories and the Boltzmann equation :$blect. given at the 1st 1981 session of the Centro internazionale matematico estivo (C.I.M.E.), held at Montecatini, Italy, June 10-18, 1981 /$ced. C. Cercignani 260 $aBerlin ; New York :$bSpringer-Verlag,$c1984 300 $av, 243 p. :$bill. ;$c24 cm. 490 0 $aLecture notes in mathematics,$x0075-8434 ;$v1048 500 $aIncludes bibliographies 650 4$aBoltzmann equation 650 4$aEvolution equations$xCongresses 650 4$aKinetic theory of gases$xCongresses 650 4$aRarefied gas flows 650 4$aTransport theory$xCongresses 907 $a.b10794384$b23-02-17$c28-06-02 912 $a991001052809707536 945 $aLE013 76P05 CER11 (1984)$g1$i2013000123059$lle013$o-$pE0.00$q-$rl$s- $t0$u0$v0$w0$x0$y.i10895644$z28-06-02 996 $aKinetic Theories and the Boltzmann Equation$9352908 997 $aUNISALENTO 998 $ale013$b01-01-94$cm$da $e-$feng$gxx $h0$i1 LEADER 04508nam 22009255 450 001 9910298631103321 005 20200706035809.0 010 $a3-319-09834-9 024 7 $a10.1007/978-3-319-09834-0 035 $a(CKB)3710000000271822 035 $a(EBL)1966811 035 $a(SSID)ssj0001386651 035 $a(PQKBManifestationID)11752498 035 $a(PQKBTitleCode)TC0001386651 035 $a(PQKBWorkID)11374967 035 $a(PQKB)11329589 035 $a(DE-He213)978-3-319-09834-0 035 $a(MiAaPQ)EBC1966811 035 $a(PPN)183094999 035 $a(EXLCZ)993710000000271822 100 $a20141103d2015 u| 0 101 0 $aeng 135 $aur|n|---||||| 181 $ctxt 182 $cc 183 $acr 200 10$aNovel Aspects of Diamond $eFrom Growth to Applications /$fedited by Nianjun Yang 205 $a1st ed. 2015. 210 1$aCham :$cSpringer International Publishing :$cImprint: Springer,$d2015. 215 $a1 online resource (336 p.) 225 1 $aTopics in Applied Physics,$x0303-4216 ;$v121 300 $aDescription based upon print version of record. 311 $a3-319-09833-0 320 $aIncludes bibliographical references and index. 327 $aHomoepitaxial Diamond Growth by Plasma-Enhanced Chemical Vapor Deposition -- Diamond/?-SiC Composite Thin Films: Preparation, Properties and Applications -- Surface Chemistry of Diamond -- Surface Modifications of Nanodiamonds and Current Issues for Their Biomedical Applications -- Diamond Nanowires: Fabrication, Structure, Properties and Applications -- Nanoparticle-Based Diamond Electrodes -- Modified Diamond Electrodes for Electrochemical Systems for Energy Conversion and Storage -- Diamond PN/PIN Diode Type Electron Emitter with Negative Electron Affinity and its Potential for the High Voltage Vacuum Power Switch -- Diamond Ultramicro- and Nano- Electrode Arrays -- Advances in Electrochemical Biosensing Using Boron Doped Diamond Microelectrode. 330 $aThis book focuses on new research fields of diamond, from its growth to applications. It covers growth of atomically flat diamond films, properties and applications of diamond nanoparticles, diamond nanoparticles based electrodes and their applications for energy storage and conversion (supercapacitors, CO2 conversion etc.). Diamond for biomimetic interface, all electrochemical devices for in vivo detections and photo-electrochemical degradation of environmental hazards are highlighted. 410 0$aTopics in Applied Physics,$x0303-4216 ;$v121 606 $aOptical materials 606 $aElectronics$xMaterials 606 $aNanoscience 606 $aNanoscience 606 $aNanostructures 606 $aNanotechnology 606 $aPhysics 606 $aSemiconductors 606 $aBiomedical engineering 606 $aOptical and Electronic Materials$3https://scigraph.springernature.com/ontologies/product-market-codes/Z12000 606 $aNanoscale Science and Technology$3https://scigraph.springernature.com/ontologies/product-market-codes/P25140 606 $aNanotechnology$3https://scigraph.springernature.com/ontologies/product-market-codes/Z14000 606 $aApplied and Technical Physics$3https://scigraph.springernature.com/ontologies/product-market-codes/P31000 606 $aSemiconductors$3https://scigraph.springernature.com/ontologies/product-market-codes/P25150 606 $aBiomedical Engineering and Bioengineering$3https://scigraph.springernature.com/ontologies/product-market-codes/T2700X 615 0$aOptical materials. 615 0$aElectronics$xMaterials. 615 0$aNanoscience. 615 0$aNanoscience. 615 0$aNanostructures. 615 0$aNanotechnology. 615 0$aPhysics. 615 0$aSemiconductors. 615 0$aBiomedical engineering. 615 14$aOptical and Electronic Materials. 615 24$aNanoscale Science and Technology. 615 24$aNanotechnology. 615 24$aApplied and Technical Physics. 615 24$aSemiconductors. 615 24$aBiomedical Engineering and Bioengineering. 676 $a537.622 676 $a610.28 676 $a620.11 676 $a620.11295 676 $a620.11297 676 $a620.5 676 $a620115 676 $a621 702 $aYang$b Nianjun$4edt$4http://id.loc.gov/vocabulary/relators/edt 906 $aBOOK 912 $a9910298631103321 996 $aNovel Aspects of Diamond$92268943 997 $aUNINA